Musiqi mədəniyyətimiz və müasirlik (Record no. 307)

MARC details
000 -LEADER
fixed length control field 01629nam a22003617a 4500
003 - CONTROL NUMBER IDENTIFIER
control field OSt
005 - DATE AND TIME OF LATEST TRANSACTION
control field 20260504115339.0
008 - FIXED-LENGTH DATA ELEMENTS--GENERAL INFORMATION
fixed length control field 260427b |||||||| |||| 00| 0 aze d
020 ## - INTERNATIONAL STANDARD BOOK NUMBER
International Standard Book Number 9789952210408
040 ## - CATALOGING SOURCE
Original cataloging agency AZ-XaKU
Language of cataloging aze
Transcribing agency AZ-XaKU
041 0# - LANGUAGE CODE
Language code of text/sound track or separate title aze
050 14 - LIBRARY OF CONGRESS CALL NUMBER
Classification number ML60 .Ef251 .M7209 2016
100 1# - MAIN ENTRY--PERSONAL NAME
Personal name Əfəndiyeva, İmruz,
Titles and words associated with a name professor,
Dates associated with a name 1935 - ,
Relator term müəllif.
245 10 - TITLE STATEMENT
Title Musiqi mədəniyyətimiz və müasirlik
Remainder of title : seçilmiş məqalələr
Statement of responsibility, etc. / İmruz Əfəndiyeva
264 ## - PRODUCTION, PUBLICATION, DISTRIBUTION, MANUFACTURE, AND COPYRIGHT NOTICE
Place of production, publication, distribution, manufacture Bakı:
Name of producer, publisher, distributor, manufacturer Renessans-A nəşir evi,
Date of production, publication, distribution, manufacture, or copyright notice 2016.
300 ## - PHYSICAL DESCRIPTION
Extent 253 səhifə ;
Other physical details şəkilli ;
Dimensions 20.5 sm.
336 ## - CONTENT TYPE
Content type term text
Content type code txt
Source rdacontent
337 ## - MEDIA TYPE
Media type term unmediated
Media type code n
Source rdamedia
338 ## - CARRIER TYPE
Carrier type term volume
Carrier type code nc
Source rdacarrier
500 ## - GENERAL NOTE
General note Üzeyir Hacıbəyli adına Bakı Musiqi Akademiyasının 95 illiyinə həsr olunur.
505 0# - Formatted Contents Note
Formatted contents note I Fəsil. Dahi və böyük mütəfəkkir ulu öndər Heydər Əliyevə həsr olunmuş əsərlər -- II Fəsil. Dünya şöhrətli sənətkar -- III Fəsil. "Düşüncə" nin izi ilə
520 ## - SUMMARY, ETC.
Summary, etc. Təqdim olunan kitab müxtəlif illərdə yazılmış elmi-tədqiqat və publisistik məqalələrin toplusudur.
521 ## - TARGET AUDIENCE NOTE
Target audience note Musiqi mədəniyyətimiz və müasirlik kitabı mütəxəssislər və geniş oxucu kütləsi üçün nəzərdə tutulmuşdur.
546 ## - LANGUAGE NOTE
Language note aze
600 ## - SUBJECT ADDED ENTRY--PERSONAL NAME
Source of heading or term
650 #7 - SUBJECT ADDED ENTRY--TOPICAL TERM
Source of heading or term AZ-XaKU
Topical term or geographic name entry element Musiqi mədəniyyəti
General subdivision Tarix və tənqid
Geographic subdivision Azərbaycan
655 ## - INDEX TERM--GENRE/FORM
Source of term Az-XaKU
Genre/form data or focus term Seçilmiş məqalələr
700 1# - ADDED ENTRY--PERSONAL NAME
Personal name Abdullazadə, Gülnaz,
Relator term elmi redaktor.
700 1# - ADDED ENTRY--PERSONAL NAME
Personal name İmanova, Ülviyyə,
Relator term rəyçi.
700 1# - ADDED ENTRY--PERSONAL NAME
Personal name Mahmudova, Ceyran,
Relator term rəyçi.
942 ## - ADDED ENTRY ELEMENTS (KOHA)
Koha item type Book
Holdings
Withdrawn status Lost status Source of classification or shelving scheme Damaged status Not for loan Collection Home library Current library Date acquired Total checkouts Full call number Barcode Date last seen Copy number Price effective from Koha item type
    Library of Congress Classification     Fine Arts Collection Karabakh University Main Library Karabakh University Art Library 04/27/2026   ML60 .Ef251 .M7209 2016 0000001140 04/27/2026 1 04/27/2026 Book